000 00962nam0a22002651 4500
001 rc\144281
005 20250620205211.0
010 _a5-87177-010-Х
_93000
035 _a(NLR Aleph) 005414614
090 _a7410233
_c7410233
100 _a20030307d1995 |||y0rusy50 ca
101 0 _arus
102 _aRU
105 _aa |||||||||
200 1 _aЛюди нашего города
_eРоман
_fЕвгений Нечаев
_g[Худож. А. Стройло]
210 _aПсков
_cТоварищество издателей "Отчина"
_d1995
215 _a286, [1] с.
_cил.
_d22
300 _aОсновные изд. Е.П. Нечаева на 4-й с. обл. (7 назв.)
300 _aПродолж. романа "На земле опаленной"
700 1 _aНечаев
_bЕ.П.
_f1915-
_gЕвгений Павлович
801 0 _aRU
_bNLR
_gpsbo
801 1 _aRU
_bELAR
_2rusmarc
852 _aNLR
_j96-3/4583
942 _cBOOK
980 _aNB